000 00648nam a2200253Ia 4500
001 51168
005 20240114005217.0
007 ta
008 090617s2004 g b000 u 465 u
020 _a81-7132-334-0
040 _aCotton College,Assam
041 _a465
082 _a581.2
_bJh 559 La
100 _aJha, D. K. .
245 0 _aLaboratory Manual On Plant Pathology /
_cD. K. Jha.
_hTextual Documents
250 _a1st ed /
260 _aJaipur :
_bPointer Publishers ,
_c2004.
300 _a184p ;
_c28 cm.
653 _aBotany
653 _aG-Botany
942 _2ddc
_cBK
999 _c51133
_d51133